<?xml version="1.0" encoding="UTF-8"?>
<record
    xmlns:xsi="http://www.w3.org/2001/XMLSchema-instance"
    xsi:schemaLocation="http://www.loc.gov/MARC21/slim http://www.loc.gov/standards/marcxml/schema/MARC21slim.xsd"
    xmlns="http://www.loc.gov/MARC21/slim">

  <leader>02335nam0a2200445   4500</leader>
  <controlfield tag="001">RU\NLR\bibl\1864448</controlfield>
  <controlfield tag="005">20260405141503.0</controlfield>
  <datafield tag="010" ind1=" " ind2=" ">
    <subfield code="a">978-5-397-02554-6</subfield>
  </datafield>
  <datafield tag="021" ind1=" " ind2=" ">
    <subfield code="a">RU</subfield>
    <subfield code="b">2011-104325</subfield>
    <subfield code="9">7469</subfield>
  </datafield>
  <datafield tag="035" ind1=" " ind2=" ">
    <subfield code="a">(nilc)RSL-KNO-005372445</subfield>
  </datafield>
  <datafield tag="035" ind1=" " ind2=" ">
    <subfield code="a">(NLR Aleph) 001854331</subfield>
  </datafield>
  <datafield tag="090" ind1=" " ind2=" ">
    <subfield code="a">2445091</subfield>
    <subfield code="c">2445091</subfield>
  </datafield>
  <datafield tag="100" ind1=" " ind2=" ">
    <subfield code="a">20120110d2011    |||y0rusy50      ca</subfield>
  </datafield>
  <datafield tag="101" ind1="0" ind2=" ">
    <subfield code="a">rus</subfield>
  </datafield>
  <datafield tag="102" ind1=" " ind2=" ">
    <subfield code="a">RU</subfield>
  </datafield>
  <datafield tag="105" ind1=" " ind2=" ">
    <subfield code="a">a   zzzz|||||</subfield>
  </datafield>
  <datafield tag="200" ind1="1" ind2=" ">
    <subfield code="a">&#x410;&#x43D;&#x430;&#x43B;&#x438;&#x442;&#x438;&#x447;&#x435;&#x441;&#x43A;&#x438;&#x435; &#x43F;&#x43E;&#x432;&#x435;&#x440;&#x445;&#x43D;&#x43E;&#x441;&#x442;&#x438; &#x432; &#x430;&#x440;&#x445;&#x438;&#x442;&#x435;&#x43A;&#x442;&#x443;&#x440;&#x435; &#x437;&#x434;&#x430;&#x43D;&#x438;&#x439;, &#x43A;&#x43E;&#x43D;&#x441;&#x442;&#x440;&#x443;&#x43A;&#x446;&#x438;&#x439; &#x438; &#x438;&#x437;&#x434;&#x435;&#x43B;&#x438;&#x439;</subfield>
    <subfield code="e">[&#x43F;&#x440;&#x438;&#x43C;&#x435;&#x440;&#x44B; &#x440;&#x435;&#x430;&#x43B;&#x44C;&#x43D;&#x44B;&#x445; &#x441;&#x43E;&#x43E;&#x440;&#x443;&#x436;&#x435;&#x43D;&#x438;&#x439;. &#x43A;&#x43E;&#x43D;&#x441;&#x442;&#x440;&#x443;&#x43A;&#x446;&#x438;&#x439; &#x438; &#x438;&#x437;&#x434;&#x435;&#x43B;&#x438;&#x439; &#x438; &#x440;&#x430;&#x441;&#x447;&#x435;&#x442;&#x44B; &#x441;&#x43E;&#x43E;&#x442;&#x432;&#x435;&#x442;&#x441;&#x442;&#x432;&#x443;&#x44E;&#x449;&#x438;&#x445; &#x442;&#x43E;&#x43D;&#x43A;&#x43E;&#x441;&#x442;&#x435;&#x43D;&#x43D;&#x44B;&#x445; &#x43A;&#x43E;&#x43D;&#x441;&#x442;&#x440;&#x443;&#x43A;&#x446;&#x438;&#x439; &#x43D;&#x430; &#x43F;&#x440;&#x43E;&#x447;&#x43D;&#x43E;&#x441;&#x442;&#x44C;, &#x443;&#x441;&#x442;&#x43E;&#x439;&#x447;&#x438;&#x432;&#x43E;&#x441;&#x442;&#x44C; &#x438; &#x434;&#x438;&#x43D;&#x430;&#x43C;&#x438;&#x43A;&#x443;, &#x438;&#x441;&#x43A;&#x43B;&#x44E;&#x447;&#x438;&#x442;&#x435;&#x43B;&#x44C;&#x43D;&#x44B;&#x435; &#x432;&#x43E;&#x437;&#x43C;&#x43E;&#x436;&#x43D;&#x43E;&#x441;&#x442;&#x438; &#x440;&#x44F;&#x434;&#x430; &#x430;&#x43D;&#x430;&#x43B;&#x438;&#x442;&#x438;&#x447;&#x435;&#x441;&#x43A;&#x438;&#x445; &#x43F;&#x43E;&#x432;&#x435;&#x440;&#x445;&#x43D;&#x43E;&#x441;&#x442;&#x435;&#x439;, &#x43E;&#x431;&#x448;&#x438;&#x440;&#x43D;&#x430;&#x44F; &#x431;&#x438;&#x431;&#x43B;&#x438;&#x43E;&#x433;&#x440;&#x430;&#x444;&#x438;&#x44F; &#x43F;&#x43E; &#x433;&#x435;&#x43E;&#x43C;&#x435;&#x442;&#x440;&#x438;&#x438;, &#x440;&#x430;&#x441;&#x447;&#x435;&#x442;&#x443; &#x438; &#x43F;&#x440;&#x438;&#x43C;&#x435;&#x43D;&#x435;&#x43D;&#x438;&#x44E; &#x43A;&#x430;&#x436;&#x434;&#x43E;&#x433;&#x43E; &#x440;&#x430;&#x441;&#x441;&#x43C;&#x43E;&#x442;&#x440;&#x435;&#x43D;&#x43D;&#x43E;&#x433;&#x43E; &#x43A;&#x43B;&#x430;&#x441;&#x441;&#x430; &#x43F;&#x43E;&#x432;&#x435;&#x440;&#x445;&#x43D;&#x43E;&#x441;&#x442;&#x435;&#x439;]</subfield>
    <subfield code="f">&#x421;. &#x41D;. &#x41A;&#x440;&#x438;&#x432;&#x43E;&#x448;&#x430;&#x43F;&#x43A;&#x43E;, &#x418;. &#x410;. &#x41C;&#x430;&#x43C;&#x438;&#x435;&#x432;&#x430;</subfield>
  </datafield>
  <datafield tag="210" ind1=" " ind2=" ">
    <subfield code="a">&#x41C;&#x43E;&#x441;&#x43A;&#x432;&#x430;</subfield>
    <subfield code="c">URSS</subfield>
    <subfield code="c">&#x41B;&#x438;&#x431;&#x440;&#x43E;&#x43A;&#x43E;&#x43C;</subfield>
    <subfield code="d">2011</subfield>
  </datafield>
  <datafield tag="215" ind1=" " ind2=" ">
    <subfield code="a">328 &#x441;.</subfield>
    <subfield code="c">&#x438;&#x43B;.</subfield>
    <subfield code="d">22</subfield>
  </datafield>
  <datafield tag="300" ind1=" " ind2=" ">
    <subfield code="a">&#x41D;&#x430; 4-&#x439; &#x441;. &#x43E;&#x431;&#x43B;. 1-&#x439; &#x430;&#x432;&#x442;.: &#x421;.&#x41D;. &#x41A;&#x440;&#x438;&#x432;&#x43E;&#x448;&#x430;&#x43F;&#x43A;&#x43E; - &#x43F;&#x440;&#x43E;&#x444;.</subfield>
  </datafield>
  <datafield tag="320" ind1=" " ind2=" ">
    <subfield code="a">&#x411;&#x438;&#x431;&#x43B;&#x438;&#x43E;&#x433;&#x440;. &#x432; &#x43A;&#x43E;&#x43D;&#x446;&#x435; &#x433;&#x43B;.</subfield>
  </datafield>
  <datafield tag="606" ind1="1" ind2=" ">
    <subfield code="a">&#x410;&#x43D;&#x430;&#x43B;&#x438;&#x442;&#x438;&#x447;&#x435;&#x441;&#x43A;&#x438;&#x435; &#x43F;&#x43E;&#x432;&#x435;&#x440;&#x445;&#x43D;&#x43E;&#x441;&#x442;&#x438;</subfield>
    <subfield code="9">2043445</subfield>
    <subfield code="3">RU\NLR\auth\661226277</subfield>
  </datafield>
  <datafield tag="606" ind1="1" ind2=" ">
    <subfield code="a">&#x422;&#x43E;&#x43D;&#x43A;&#x43E;&#x441;&#x442;&#x435;&#x43D;&#x43D;&#x44B;&#x435; &#x43E;&#x431;&#x43E;&#x43B;&#x43E;&#x447;&#x43A;&#x438;</subfield>
    <subfield code="x">&#x420;&#x430;&#x441;&#x447;&#x435;&#x442; &#x43D;&#x430; &#x43F;&#x440;&#x43E;&#x447;&#x43D;&#x43E;&#x441;&#x442;&#x44C;</subfield>
    <subfield code="9">2358657</subfield>
    <subfield code="3">RU\NLR\auth\661408654</subfield>
  </datafield>
  <datafield tag="606" ind1="1" ind2=" ">
    <subfield code="a">&#x410;&#x440;&#x445;&#x438;&#x442;&#x435;&#x43A;&#x442;&#x443;&#x440;&#x430;</subfield>
    <subfield code="z">20 - 21 &#x432;&#x432;.</subfield>
    <subfield code="9">2395627</subfield>
    <subfield code="3">RU\NLR\auth\661428355</subfield>
  </datafield>
  <datafield tag="686" ind1=" " ind2=" ">
    <subfield code="a">&#x412;251.64,0</subfield>
    <subfield code="2">rubbk</subfield>
  </datafield>
  <datafield tag="686" ind1=" " ind2=" ">
    <subfield code="a">&#x41D;442.46,0</subfield>
    <subfield code="2">rubbk</subfield>
  </datafield>
  <datafield tag="686" ind1=" " ind2=" ">
    <subfield code="a">&#x412;181.13</subfield>
  </datafield>
  <datafield tag="686" ind1=" " ind2=" ">
    <subfield code="a">&#x412;181.221.2</subfield>
  </datafield>
  <datafield tag="686" ind1=" " ind2=" ">
    <subfield code="a">&#x412;251.64-6</subfield>
  </datafield>
  <datafield tag="686" ind1=" " ind2=" ">
    <subfield code="a">&#x429;11</subfield>
  </datafield>
  <datafield tag="700" ind1=" " ind2="1">
    <subfield code="4">070</subfield>
    <subfield code="8">rus</subfield>
    <subfield code="7">ca</subfield>
    <subfield code="a">&#x41A;&#x440;&#x438;&#x432;&#x43E;&#x448;&#x430;&#x43F;&#x43A;&#x43E;</subfield>
    <subfield code="b">&#x421;. &#x41D;.</subfield>
    <subfield code="g">&#x421;&#x435;&#x440;&#x433;&#x435;&#x439; &#x41D;&#x438;&#x43A;&#x43E;&#x43B;&#x430;&#x435;&#x432;&#x438;&#x447;</subfield>
    <subfield code="3">RU\NLR\auth\7757546</subfield>
    <subfield code="9">40478</subfield>
  </datafield>
  <datafield tag="701" ind1=" " ind2="1">
    <subfield code="a">&#x41C;&#x430;&#x43C;&#x438;&#x435;&#x432;&#x430;</subfield>
    <subfield code="b">&#x418;. &#x410;.</subfield>
    <subfield code="g">&#x418;&#x440;&#x430;&#x438;&#x434;&#x430; &#x410;&#x445;&#x441;&#x430;&#x440;&#x431;&#x435;&#x433;&#x43E;&#x432;&#x43D;&#x430;</subfield>
    <subfield code="4">070</subfield>
  </datafield>
  <datafield tag="801" ind1=" " ind2="0">
    <subfield code="a">RU</subfield>
    <subfield code="b">RuMoRKP</subfield>
    <subfield code="c">20120110</subfield>
    <subfield code="g">rcr</subfield>
  </datafield>
  <datafield tag="801" ind1=" " ind2="1">
    <subfield code="a">RU</subfield>
    <subfield code="b">&#x420;&#x413;&#x411;</subfield>
    <subfield code="c">20120110</subfield>
  </datafield>
  <datafield tag="801" ind1=" " ind2="2">
    <subfield code="a">RU</subfield>
    <subfield code="b">NLR</subfield>
    <subfield code="c">20120203</subfield>
    <subfield code="g">rcr</subfield>
  </datafield>
  <datafield tag="830" ind1=" " ind2=" ">
    <subfield code="a">&#x430;&#x432;&#x442;7 &#x43F;&#x43E; &#x43A;&#x43D;.</subfield>
  </datafield>
  <datafield tag="942" ind1=" " ind2=" ">
    <subfield code="c">BOOK</subfield>
  </datafield>
  <datafield tag="980" ind1=" " ind2=" ">
    <subfield code="a">NB</subfield>
  </datafield>
  <datafield tag="995" ind1=" " ind2=" ">
    <subfield code="5">2012-02-03</subfield>
    <subfield code="a">ad</subfield>
    <subfield code="b">NLR01</subfield>
    <subfield code="c">NLR01</subfield>
    <subfield code="e">RF8</subfield>
    <subfield code="f">3586571</subfield>
    <subfield code="k">2012-5/691</subfield>
    <subfield code="o">0</subfield>
    <subfield code="r">BOOK</subfield>
    <subfield code="s">20125691_</subfield>
  </datafield>
  <datafield tag="995" ind1=" " ind2=" ">
    <subfield code="5">2012-02-03</subfield>
    <subfield code="a">ad</subfield>
    <subfield code="b">NLR01</subfield>
    <subfield code="c">NLR01</subfield>
    <subfield code="e">RF8</subfield>
    <subfield code="f">3586572</subfield>
    <subfield code="k">2012-5/691</subfield>
    <subfield code="o">0</subfield>
    <subfield code="r">BOOK</subfield>
    <subfield code="s">20125691_</subfield>
  </datafield>
</record>
